000 00581nam a2200193Ia 4500
005 20250508154615.0
008 008 250505s9999 xx 000 0 eng d
037 _aTextual
040 _aFEDL
_beng
_cFEDL
041 _aeng
_2eng
084 _a001.642, BIJ
_qFEDL
100 _aBijleveld W J
_9765712
245 0 _aAutomatic reading of digits
260 _aAmsterdam, USA
_bThe Netherlands Automatic Information Processing Research Centre
_c1963
300 _a87p.
650 _aComputer Science
942 _cTEXL
_h001.642, BIJ
999 _c1351166
_d1351166